00617nam a2200121Ia 4500008004100000050002400041245016600065260009800231300001300329650003500342952010100377999001700478120721s9999 xx 000 0 und d aCDROM 84 UI.TLAHUAC aLegislación civil y su interpretación por el poder judicial de la federación / Poder Judicial de la Federación : Suprema Corte de Justicia de la Nación aMéxico : Poder Judicial de la Federación : Suprema Corte de Justicia de la Nación, 2003 a1 cd-rom a1. Legislación - MéxicoÌ 00104070a08b08d2009-02-03l0oCDROM 84 UI.TLAHUACp08 002611r2012-07-20t1w2012-07-20yLB c82250d82250